000 00870nam a2200229Ii 4500
003 JO-AjNU
008 230605s9999||||xx |||||||||||||| ||und||
017 _a2004/7/1771
020 _a9957-11-485-9
040 _aJO-AjNU
_bara
_erda
_cJO-AjNU
041 _aara
050 1 4 _aHF5415.13 .B37.2008
100 3 _aالبرواري، نزار عبد المجيد،م. مشارك احمد محمد فهمي البرزنجي,
_eauthor
_951317
245 0 0 _aاستراتيجيات التسويق:المفاهيم الاسس الوظائف
250 _aط2
264 3 1 _aعمان:دار وائل للنشر والتوزيع؛2008
300 _a238ص
_bيحتوي على ببلوغرافية من ص229-238ص
336 _atext
_btxt
_2rdacontent
337 _aunmediated
_bn
_2rdamedia
338 _avolume
_bnc
_2rdacarrier
650 4 _aادارة التسويق
_951318
999 _aA22659
_c26227
_d26227